ultimo tango em Paris (Record no. 45812)

MARC details
000 -Etiqueta do registo
Valores 00483cam a22001811 04500
100 ## - Dados gerais de processamento
Dados gerais 19740501d1974 m y0pory5003 ba
101 1# - Língua de publicação
Língua por
102 ## - País de publicação
País PT
200 1# - Titulo e menção de responsabilidade
Título próprio ultimo tango em Paris
Primeira menção de responsabilidade Robert Alley
Outras menções de responsabilidade trad. Fernando de Castro Ferro
210 #9 - Publicação
Local de publicação Lisboa
Nome do editor Portugália,
Data de publicação [D.L. 1974]
215 ## - Descrição física 
Paginação / Volumes 188 p.
Dimensões 19 cm
675 ## - CDU
Notação 821.111(73)-31
700 #1 - Autor principal
Apelido Alley,
Nome Robert
702 #1 - Autor secundário
Apelido Ferro,
Nome Fernando de Castro
Função 730
801 #0 - Fonte de origem
País PT
Agência BN
Regras de catalogação RPC
990 ## - Elementos KOHA
Tipo de documento Livro
Holdings
Aquisição Empréstimo Código de barras Cota Permissão de empréstimo Tipo de documento
Biblioteca Municipal de Redondo Biblioteca Municipal de Redondo 057045 821.111(73)-3 ALL   Livro

Powered by Koha